El sistema penal mexicano / (Record no. 118907)

MARC details
000 -LEADER
fixed length control field 00592nam a22001937a 4500
005 - DATE AND TIME OF LATEST TRANSACTION
control field 20160805112245.0
008 - FIXED-LENGTH DATA ELEMENTS--GENERAL INFORMATION
fixed length control field 160805b1993 mx ||||| |||| 001 0 spa d
020 ## - INTERNATIONAL STANDARD BOOK NUMBER
International Standard Book Number 9681639650
050 04 - LIBRARY OF CONGRESS CALL NUMBER
Classification number KGF5402
Item number G37 1993
100 1# - MAIN ENTRY--PERSONAL NAME
Personal name García Ramírez, Sergio,
Relator term autor
245 13 - TITLE STATEMENT
Title El sistema penal mexicano /
Statement of responsibility, etc Sergio García Ramírez.
250 ## - EDITION STATEMENT
Edition statement Primera edición
260 ## - PUBLICATION, DISTRIBUTION, ETC. (IMPRINT)
Place of publication, distribution, etc México :
Name of publisher, distributor, etc Fondo de Cultura Económica,
Date of publication, distribution, etc c1993
300 ## - PHYSICAL DESCRIPTION
Extent 186 páginas ;
Dimensions 21 cm.
490 #0 - SERIES STATEMENT
Series statement Política y Derecho
504 ## - BIBLIOGRAPHY, ETC. NOTE
Bibliography, etc Incluye índice
650 #7 - SUBJECT ADDED ENTRY--TOPICAL TERM
Source of heading or term lemb
Topical term or geographic name as entry element Derecho penal
Geographic subdivision México
942 ## - ADDED ENTRY ELEMENTS (KOHA)
Source of classification or shelving scheme Biblioteca del Cogreso de los Estados Unidos
Koha item type Libro
Holdings
Estado de pérdida Fuente de clasificación Estado del daño No para préstamo Ubicación permanente Ubicación actual Apartado o colección Fecha de adquisición Edición Enumeración de Serie / Cronológica Dependencia de educación superior (DES) Área del conocimiento Clasificación Código de Barras Date last seen Número de copia Tipo de recurso
  Biblioteca del Cogreso de los Estados Unidos     Biblioteca de la Facultad de Derecho y Ciencias Sociales "Felipe J. Tena" Biblioteca de la Facultad de Derecho y Ciencias Sociales "Felipe J. Tena" General 05/08/2016 1a ed. BFD000007888 Derecho Ciencias Sociales y Administrativas KGF5402 G37 1993 BFD000007888 05/08/2016 1 Libro